[Event "Olympiad Women-37"]
[Site "Turin"]
[Date "2006.05.31"]
[Round "10"]
[White "Ozturk Orenli, Kubra"]
[Black "Ostry, Irina"]
[Result "1/2-1/2"]
[WhiteElo "2034"]
[BlackElo "2182"]
[PlyCount "176"]
[EventDate "2006.05.21"]
[EventType "team-swiss"]
[EventRounds "13"]
[EventCountry "ITA"]
[SourceTitle "CBM 112 Extra"]
[Source "ChessBase"]
[SourceDate "2006.07.14"]
[SourceVersion "1"]
[SourceVersionDate "2006.07.14"]
[SourceQuality "1"]
[WhiteTeam "Turkey (W)"]
[BlackTeam "Kyrgyzstan (W)"]
[WhiteTeamCountry "TUR"]
[BlackTeamCountry "KGZ"]

1. c4 e5 2. Nc3 Nf6 3. Nf3 Nc6 4. d3 d5 5. cxd5 Nxd5 6. g3 Be7 7. Bg2 Nb6 8. 0-0 0-0 9. Bd2 Bg4 10. Rc1 Qd7 11. Ne4 Rad8 12. Be3 Bh3 13. Nc5 Bxc5 14. Bxc5 Bxg2 15. Kxg2 Rfe8 16. Qc2 Nd5 17. Rfd1 b6 18. Be3 Nd4 19. Bxd4 exd4 20. Nxd4 Nb4 21. Qb3 c5 22. Nf3 Nd5 23. e3 Re6 24. d4 h6 25. dxc5 bxc5 26. Kg1 Rb6 27. Qc2 Rd6 28. Qxc5 Qf5 29. Nh4 Qf6 30. Rd4 g5 31. Ng2 Nb6 32. Rxd6 Rxd6 33. Qc3 Qxc3 34. bxc3 Rd2 35. h4 Rxa2 36. c4 Ra4 37. c5 Rc4 38. Rxc4 Nxc4 39. Ne1 a5 40. Nc2 Kf8 41. Kf1 Nd2+ 42. Ke2 Ne4 43. c6 Ke7 44. Na3 a4 45. Nb5 Nd6 46. c7 Nc8 47. Kd3 Kd7 48. Kc4 gxh4 49. gxh4 a3 50. Nxa3 Kxc7 51. Kd5 Kd7 52. Nc4 Ne7+ 53. Ke4 Ke6 54. Kf4 Kf6 55. Kg4 Kg6 56. h5+ Kf6 57. e4 Nc6 58. f4 Nd4 59. f5 Ke7 60. e5 Nc6 61. Kf4 Nd4 62. Ne3 Ne2+ 63. Kf3 Nd4+ 64. Ke4 Ne2 65. Nd5+ Kf8 66. Kf3 Nd4+ 67. Kg4 Kg7 68. f6+ Kh7 69. Ne7 Ne6 70. Kf5 Ng5 71. Nd5 Kg8 72. Nf4 Kh7 73. e6 fxe6+ 74. Nxe6 Nf7 75. Nf8+ Kg8 76. Nd7 Nd8 77. Kg6 Nf7 78. Nb6 Kf8 79. Nd5 Kg8 80. Ne3 Ne5+ 81. Kxh6 Kf7 82. Nd5 Nf3 83. Kh7 Ng5+ 84. Kh8 Ne4 85. h6 Ng5 86. Ne3 Kxf6 87. Kg8 Kg6 88. Ng4 Kh5 1/2-1/2

[Event "Olympiad Women-34"]
[Site "Istanbul"]
[Date "2000.11.12"]
[Round "14.1"]
[White "Ostry, Irina"]
[Black "Mahini, Mona"]
[Result "1-0"]
[WhiteElo "2238"]
[BlackElo "2018"]
[PlyCount "87"]
[EventDate "2000.10.28"]
[EventType "team-swiss"]
[EventRounds "14"]
[EventCountry "TUR"]
[SourceTitle "EXT 2001"]
[Source "ChessBase"]
[SourceDate "2000.11.22"]
[SourceVersion "1"]
[SourceVersionDate "2000.11.22"]
[SourceQuality "1"]
[WhiteTeam "Kyrgyzstan (W)"]
[BlackTeam "Iran (W)"]
[WhiteTeamCountry "KGZ"]
[BlackTeamCountry "IRI"]

1. e4 c5 2. Nf3 d6 3. c3 Nf6 4. h3 Nc6 5. Bd3 g6 6. 0-0 Bg7 7. Bc2 Qc7 8. a3 c4 9. d3 cxd3 10. Bxd3 0-0 11. Bf4 Nh5 12. Be3 Ne5 13. Nxe5 dxe5 14. Nd2 Be6 15. Be2 Nf4 16. Bxf4 exf4 17. Bg4 Bxg4 18. Qxg4 Rad8 19. Rfd1 Rd3 20. Nf1 Rfd8 21. Rxd3 Rxd3 22. Rd1 Rxd1 23. Qxd1 Be5 24. Qd3 Qd6 25. Qxd6 Bxd6 26. Nd2 Kg7 27. Kf1 Kf6 28. Ke2 e5 29. b4 Ke6 30. Kd3 f5 31. f3 Be7 32. Nb3 b6 33. a4 g5 34. a5 h5 35. axb6 axb6 36. Nd2 fxe4+ 37. Kxe4 b5 38. Nb1 g4 39. hxg4 hxg4 40. Na3 gxf3 41. gxf3 Kd6 42. Nxb5+ Kc6 43. Na3 Bd6 44. Nc4 1-0

[Event "Olympiad Women-34"]
[Site "Istanbul"]
[Date "2000.11.08"]
[Round "11.1"]
[White "Ostry, Irina"]
[Black "Cast, Abigail"]
[Result "0-1"]
[WhiteElo "2238"]
[BlackElo "2114"]
[PlyCount "86"]
[EventDate "2000.10.28"]
[EventType "team-swiss"]
[EventRounds "14"]
[EventCountry "TUR"]
[SourceTitle "EXT 2001"]
[Source "ChessBase"]
[SourceDate "2000.11.22"]
[SourceVersion "1"]
[SourceVersionDate "2000.11.22"]
[SourceQuality "1"]
[WhiteTeam "Kyrgyzstan (W)"]
[BlackTeam "Wales (W)"]
[WhiteTeamCountry "KGZ"]
[BlackTeamCountry "WLS"]

1. Nf3 d5 2. b4 Nf6 3. Bb2 e6 4. a3 Nbd7 5. e3 Bd6 6. c4 c6 7. c5 Bb8 8. d4 0-0 9. Nbd2 b6 10. cxb6 axb6 11. Qc2 Qc7 12. Rc1 Bb7 13. Bd3 h6 14. h3 Rc8 15. Nb3 Qd8 16. 0-0 Bd6 17. Qb1 Qe7 18. Rfd1 c5 19. dxc5 bxc5 20. Na5 Ba6 21. Bxa6 Rxa6 22. Nb7 Raa8 23. Nxd6 Qxd6 24. e4 Qb6 25. exd5 exd5 26. Qf5 Rc6 27. Re1 cxb4 28. Rxc6 Qxc6 29. axb4 Qc4 30. Rb1 g6 31. Qxf6 Nxf6 32. Bxf6 Rb8 33. Ne5 Qf4 34. Ng4 Rc8 35. Bb2 Kf8 36. b5 Rc2 37. Ba3+ Kg7 38. b6 h5 39. g3 Qd2 40. b7 hxg4 41. Bc5 Rc1+ 42. Rxc1 Qxc1+ 43. Kh2 Qb1 0-1

[Event "Olympiad Women-34"]
[Site "Istanbul"]
[Date "2000.11.07"]
[Round "10.1"]
[White "Hernandez Penna, Sabina"]
[Black "Ostry, Irina"]
[Result "1/2-1/2"]
[WhiteElo "2141"]
[BlackElo "2238"]
[PlyCount "71"]
[EventDate "2000.10.28"]
[EventType "team-swiss"]
[EventRounds "14"]
[EventCountry "TUR"]
[SourceTitle "EXT 2001"]
[Source "ChessBase"]
[SourceDate "2000.11.22"]
[SourceVersion "1"]
[SourceVersionDate "2000.11.22"]
[SourceQuality "1"]
[WhiteTeam "Argentina (W)"]
[BlackTeam "Kyrgyzstan (W)"]
[WhiteTeamCountry "ARG"]
[BlackTeamCountry "KGZ"]

1. e4 c5 2. Nf3 e6 3. d4 cxd4 4. Nxd4 a6 5. c4 Nf6 6. Nc3 Qc7 7. a3 Be7 8. Be3 d6 9. Be2 Nbd7 10. Rc1 0-0 11. 0-0 b6 12. f3 Bb7 13. g4 Ne5 14. g5 Nfd7 15. Qe1 Nc5 16. Rd1 Nc6 17. Qg3 Nxd4 18. Bxd4 Rac8 19. Rf2 Nb3 20. Bf6 e5 21. Qh4 Rfe8 22. Rg2 Nd4 23. Rg3 Ne6 24. Rh3 h6 25. Bxe7 Qxe7 26. gxh6 Nf4 27. hxg7 Nxh3+ 28. Qxh3 Kxg7 29. Kh1 Qf6 30. Qg4+ Kf8 31. Qd7 Re7 32. Qh3 Rec7 33. Na4 Rc6 34. Nc3 R6c7 35. Na4 Rc6 36. Nc3 1/2-1/2

[Event "Olympiad Women-34"]
[Site "Istanbul"]
[Date "2000.11.06"]
[Round "9.1"]
[White "Ostry, Irina"]
[Black "Hund, Barbara"]
[Result "1-0"]
[WhiteElo "2238"]
[BlackElo "2292"]
[PlyCount "63"]
[EventDate "2000.10.28"]
[EventType "team-swiss"]
[EventRounds "14"]
[EventCountry "TUR"]
[SourceTitle "EXT 2001"]
[Source "ChessBase"]
[SourceDate "2000.11.22"]
[SourceVersion "1"]
[SourceVersionDate "2000.11.22"]
[SourceQuality "1"]
[WhiteTeam "Kyrgyzstan (W)"]
[BlackTeam "Switzerland"]
[WhiteTeamCountry "KGZ"]
[BlackTeamCountry "SUI"]

1. e4 e5 2. Nf3 Nc6 3. Bb5 a6 4. Ba4 Nf6 5. 0-0 b5 6. Bb3 Be7 7. Re1 0-0 8. a4 b4 9. d3 d6 10. Nbd2 Na5 11. Ba2 c5 12. c3 Rb8 13. Nc4 Bg4 14. Ne3 Bxf3 15. Qxf3 bxc3 16. bxc3 Nb3 17. Bxb3 Rxb3 18. Nf5 Rxc3 19. Rb1 Re8 20. Rb7 c4 21. Qg3 Nh5 22. Qg4 g6 23. Rd7 Qc8 24. Rxe7 cxd3 25. Rxe8+ Qxe8 26. g3 Qxa4 27. Ne7+ Kf8 28. Nd5 Rc2 29. Bh6+ Kg8 30. Rb1 f5 31. Qg5 Qd7 32. Rb8+ 1-0